Rosa Parks: My Story / (Record no. 5415)

MARC details
000 -LEADER
fixed length control field 00957nam a22003017a 4500
001 - CONTROL NUMBER
control field 5415
003 - CONTROL NUMBER IDENTIFIER
control field FISKH
005 - DATE AND TIME OF LATEST TRANSACTION
control field 20241204115615.0
008 - FIXED-LENGTH DATA ELEMENTS--GENERAL INFORMATION
fixed length control field 241204b cb ||||| |||| 00| 0 eng d
020 ## - INTERNATIONAL STANDARD BOOK NUMBER
International Standard Book Number 9780590465380
040 ## - CATALOGING SOURCE
Original cataloging agency FISKH
Language of cataloging eng
Transcribing agency FISKH
Modifying agency FISKH
050 ## - LIBRARY OF CONGRESS CALL NUMBER
Classification number F334.M753
082 ## - DEWEY DECIMAL CLASSIFICATION NUMBER
Classification number 323.092
100 ## - MAIN ENTRY--PERSONAL NAME
Personal name Parks, Rosa
245 ## - TITLE STATEMENT
Title Rosa Parks: My Story /
Statement of responsibility, etc. by Rosa Parks and James Haskins
250 ## - EDITION STATEMENT
Edition statement First Scholastic printing, January 1994
260 ## - PUBLICATION, DISTRIBUTION, ETC.
Place of publication, distribution, etc. New York :
Name of publisher, distributor, etc. Scholastic ;
Date of publication, distribution, etc. 1992.
300 ## - PHYSICAL DESCRIPTION
Extent 192 pages :
Other physical details illustrations ;
Dimensions 20 cm .
505 ## - FORMATTED CONTENTS NOTE
Formatted contents note Z <br/>
520 ## - SUMMARY, ETC.
Summary, etc. Rosa Park's life story reveals the deliberate choices she made that earned her the title "Mother to a Movement."
521 8# - TARGET AUDIENCE NOTE
Target audience note 970 <br/>
Source Lexile <br/>
521 8# - TARGET AUDIENCE NOTE
Target audience note Z <br/>
Source Raz-Plus <br/>
650 ## - SUBJECT ADDED ENTRY--TOPICAL TERM
Topical term or geographic name entry element Civil Rights Movement
Form subdivision Non-fiction
650 ## - SUBJECT ADDED ENTRY--TOPICAL TERM
Topical term or geographic name entry element segregation
Form subdivision Non-fiction
700 ## - ADDED ENTRY--PERSONAL NAME
Personal name Bodier, Julien
Relator term editor
942 ## - ADDED ENTRY ELEMENTS (KOHA)
Source of classification or shelving scheme Dewey Decimal Classification
Koha item type Books
Suppress in OPAC No
Holdings
Withdrawn status Lost status Source of classification or shelving scheme Damaged status Not for loan Collection Home library Current library Shelving location Date acquired Total Checkouts Full call number Barcode Date last seen Price effective from Koha item type
    Dewey Decimal Classification     Non-Fiction Footprints International School Library Network Toul Kork Campus Footprints International School Library Network Toul Kork Campus TTP Secondary Non-Fiction Bookshelves 12/04/2024   PAR 323.092 F334.M753 FISSE01457 12/04/2024 12/04/2024 Books